Нано-арт, новое направление в искусстве; Молодежь и современные информационные технологии; Т. 2

Bibliografiske detaljer
Parent link:Молодежь и современные информационные технологии: сборник трудов XII Всероссийской научно-практической конференции студентов, аспирантов и молодых ученых, г. Томск, 12-14 ноября 2014 г./ Национальный исследовательский Томский политехнический университет (ТПУ), Институт кибернетики (ИК) ; ред. кол. Е. А. Сикора [и др.].— , 2014
Т. 2.— 2014.— [С. 225-226]
Hovedforfatter: Ткачев Д. А.
Institution som forfatter: Национальный исследовательский Томский политехнический университет (ТПУ) Институт кибернетики (ИК) Кафедра инженерной графики и промышленного дизайна (ИГПД)
Andre forfattere: Лысак И. А. Илья Александрович
Summary:Заглавие с титульного экрана
Sprog:russisk
Udgivet: 2014
Serier:Компьютерная графика и дизайн
Fag:
Online adgang:http://earchive.tpu.ru/handle/11683/20305
http://www.lib.tpu.ru/fulltext/c/2014/C04/V2/106.pdf
Format: MixedMaterials Electronisk Book Chapter
KOHA link:https://koha.lib.tpu.ru/cgi-bin/koha/opac-detail.pl?biblionumber=610932

MARC

LEADER 00000naa2a2200000 4500
001 610932
005 20240405064733.0
035 |a (RuTPU)RU\TPU\conf\8574 
035 |a RU\TPU\conf\8573 
090 |a 610932 
100 |a 20150209d2014 k y0rusy50 ca 
101 0 |a rus 
102 |a RU 
105 |a y z 101zy 
135 |a drcn ---uucaa 
181 0 |a i  
182 0 |a b 
200 1 |a Нано-арт, новое направление в искусстве  |f Д. А. Ткачев, И. А. Лысак 
203 |a Текст  |c электронный 
225 1 |a Компьютерная графика и дизайн 
300 |a Заглавие с титульного экрана 
320 |a [Библиогр.: с. 226 (9 назв.)] 
337 |a Adobe Reader 
461 1 |0 (RuTPU)RU\TPU\conf\7802  |t Молодежь и современные информационные технологии  |o сборник трудов XII Всероссийской научно-практической конференции студентов, аспирантов и молодых ученых, г. Томск, 12-14 ноября 2014 г.  |o в 2 т.  |f Национальный исследовательский Томский политехнический университет (ТПУ), Институт кибернетики (ИК) ; ред. кол. Е. А. Сикора [и др.]  |d 2014 
463 0 |0 (RuTPU)RU\TPU\conf\7813  |t Т. 2  |v [С. 225-226]  |d 2014 
610 1 |a труды учёных ТПУ 
610 1 |a электронный ресурс 
610 1 |a нанотехнологии 
610 1 |a арт-объекты 
610 1 |a искусство 
610 1 |a нано-арт 
610 1 |a дизайн 
700 1 |a Ткачев  |b Д. А. 
701 1 |a Лысак  |b И. А.  |c специалист в области автоматизации и робототехники  |c доцент Томского политехнического университета, кандидат технических наук  |f 1977-  |g Илья Александрович  |y Томск  |3 (RuTPU)RU\TPU\pers\31784  |9 15895 
712 0 2 |a Национальный исследовательский Томский политехнический университет (ТПУ)  |b Институт кибернетики (ИК)  |b Кафедра инженерной графики и промышленного дизайна (ИГПД)  |3 (RuTPU)RU\TPU\col\18737 
801 2 |a RU  |b 63413507  |c 20210323  |g RCR 
856 4 |u http://earchive.tpu.ru/handle/11683/20305 
856 4 |u http://www.lib.tpu.ru/fulltext/c/2014/C04/V2/106.pdf 
942 |c BK